| 000 | 01393cam a2200313 a 4500 | ||
|---|---|---|---|
| 001 | 79295 | ||
| 003 | BD-RjUL | ||
| 005 | 20220201092826.0 | ||
| 008 | 220201s19481953ua b 000 p ara d | ||
| 035 | _a(BD-RjUL)79295 | ||
| 040 |
_aZQP _cZQP _dLEILA _dDLC _beng |
||
| 041 | _aara | ||
| 082 |
_223 _a892.71 _bHAD 1948,1953 |
||
| 100 | 1 |
_aḤāfiẓ Ibrāhīm, Muḥammad ;; ,حافظ ابراهيم _d1872?-1932. _9245972 |
|
| 245 | 1 | 0 |
_aديوان حافظ ابراهيم.;; Dīwān Ḥāfiẓ Ibrāhīm./ _cAhmed Amin ; Ahmed El-Zein; Ibrahim El-Abyary ;; احمد امين ; احمد الزين ; ;ابراهيم الابياري |
| 250 | _a3rd ed. ;; الطبعة الثالثة | ||
| 260 |
_aQahira : _bالمطبعة الاميرية ;; al matbaeat al amyria _c1948 |
||
| 300 |
_av. ; _c25 cm. |
||
| 490 | _a ; وزارة المعارف العمومية | ||
| 500 | _aPoems. | ||
| 504 | _aIncludes bibliographical references. | ||
| 505 | _aVol.1.المدائح والتهاني, الاهاجي, الاخوانيات , الوصف, الخمريات , الغزل, الاجتماعيات | ||
| 650 |
_aArabic poetry _vCollected works. _9245973 |
||
| 700 |
_aامين, احمد _91033 |
||
| 700 |
_aالزىن, احمد _91034 |
||
| 700 |
_aالابياري, ابراهيم _9995 |
||
| 830 |
_aوزارة المعارف العمومية ; _91035 |
||
| 942 |
_2ddc _cBK |
||
| 999 |
_c79295 _d79295 |
||